Regiones y naciones de Europa / (Record no. 82137)

MARC details
000 -LEADER
campo de control de longitud fija 00950nam a2200277 i 4500
001 - NÚMERO DE CONTROL
campo de control 82137
003 - IDENTIFICADOR DE NÚMERO DE CONTROL
campo de control ES-MaACL
005 - FECHA Y HORA DE LA ÚLTIMA TRANSACCIÓN
campo de control 20240529062942.0
007 - CAMPO FIJO DE DESCRIPCIÓN FÍSICA--INFORMACIÓN GENERAL
campo de control de longitud fija t|
008 - DATOS DE LONGITUD FIJA--INFORMACIÓN GENERAL
campo de control de longitud fija 041125s1987 sp ||||1| spa d
020 ## - NÚMERO INTERNACIONAL ESTÁNDAR DEL LIBRO
Número Internacional Estándar del Libro 84-7137-955-4
040 ## - FUENTE DE CATALOGACIÓN
Centro/agencia transcriptor ES-MaACL
080 ## - NÚMERO DE LA CLASIFICACIÓN DECIMAL UNIVERSAL
Número de la Clasificación Decimal Universal 914-672 CE
100 1# - ENTRADA PRINCIPAL--NOMBRE DE PERSONA
Nombre de persona Arroyo Ilera, Fernando,
Fechas asociadas al nombre 1946-
9 (RLIN) 23353
Término indicativo de función/relación Autor
245 10 - MENCIÓN DEL TÍTULO
Título Regiones y naciones de Europa /
Mención de responsabilidad, etc. Fernando Arroyo, Felipe Fernández.
260 ## - PUBLICACIÓN, DISTRIBUCIÓN, ETC.
Lugar de publicación, distribución, etc. Pamplona :
Nombre del editor, distribuidor, etc. Salvat,
Fecha de publicación, distribución, etc. 1987.
300 ## - DESCRIPCIÓN FÍSICA
Extensión 96 páginas :
Otras características físicas ilustraciones (blanco y negro y color) ;
Dimensiones 21 cm.
490 1# - MENCIÓN DE SERIE
Mención de serie Salvat libros. Serie Europa ;
Designación de volumen o secuencia 5
651 #0 - PUNTO DE ACCESO ADICIONAL DE MATERIA--NOMBRE GEOGRÁFICO
9 (RLIN) 236707
Nombre geográfico Países de la Unión Europea-
Subdivisión general Descripción
700 1# - ENTRADA AGREGADA--NOMBRE PERSONAL
Nombre de persona Fernández García, Felipe,
9 (RLIN) 49807
Término indicativo de función/relación Autor
Fechas asociadas al nombre 1950-
830 ## - PUNTO DE ACCESO ADICIONAL DE SERIE-TÍTULO UNIFORME
Título uniforme Salvat libros. Serie Europa ;
Designación de volumen o secuencia 5
9 (RLIN) 183731
852 ## - LOCALIZACIÓN
Ubicación ES-MaACL
Sublocalización o colección R.134607
Ubicación en estantería Depósito 2
Número de control de estantería E-10479
942 ## - ELEMENTOS DE ENTRADA SECUNDARIOS (KOHA)
Tipo de ítem Koha Libro impreso
Suprimir en OPAC No
Holdings
Estatus retirado Estado de pérdida Estado de daño No para préstamo Biblioteca de origen Biblioteca actual Ubicación en estantería Fecha de adquisición Fuente de adquisición Total de préstamos Signatura topográfica completa Código de barras Visto por última vez Precio de reemplazo Tipo de ítem Koha
        Biblioteca del Ateneo de Madrid Biblioteca del Ateneo de Madrid Depósito 2 17/01/2008     E-10479 1085847 23/02/2023 23/02/2023 Libro impreso